| 000 | 00980nam a2200313Ia 4500 | ||
|---|---|---|---|
| 001 | Para_7432 | ||
| 003 | CHAP | ||
| 008 | 220125s1911 xx 000 0 und d | ||
| 010 | _a206299 | ||
| 040 | _cCHAP | ||
| 082 | _aPA-C 632 B85 | ||
| 100 |
_aGreen, W. J. _950566 |
||
| 245 |
_aOrchard spraying suggestioms fur 1911 : _b advise suplemental to spray calendar \ by W. J. Green, A. D. Selby and H. A. Gassardo |
||
| 260 |
_aWooster, Ohio : _b Ohio Agricultural Experiment Station |
||
| 300 | _a3 p. | ||
| 440 |
_aBulletin ; 199 _9172574 |
||
| 500 | _aEnc. con otros impresos similares | ||
| 650 |
_aFitopatología _x coleciones de escritos _9172575 |
||
| 650 |
_aManzana _x fumigación _970771 |
||
| 700 |
_aGassardo, H. A. _9172576 |
||
| 700 |
_aSelby, A. D. _9103768 |
||
| 901 | _aPA-C 632 B85 | ||
| 902 | _aA | ||
| 905 | _a0000001911 a 0000000000 00 | ||
| 910 | _a1911 | ||
| 942 | _cPARA | ||
| 942 |
_cPARA _d1 |
||
| 999 |
_c206299 _d206299 |
||